00845nam a2200241Ia 450000100060000000300090000600800410001504000130005604000130006904100130008210000190009510000290011424500590014324500380020225000110024026000110025126000180026226000490028030000590032950001550038865000290054365000310057222311IT-RoPAU130308s9999 xx 000 0 und d aIT-RoPAU cIT-RoPAU aITALIANO aElliott Philip gCodice Aut. SPICS: 6962 aSelezione e comunicazione di una produzione televisiva bGiornalismo Come professione (Il) a1a ed. aMILANO bIl Saggiatore c1980 [1° Ed.:1980 - Ed.Ling.Originale:1970] a"20 p. (prefazione: no ; testo: 20 [pagine: 137-156])" aProduzione dei programmi Idee e schemi di programmi Diagrammi della catena del Soggetto della presentazione e dei Contatti registrazione del Programma aLINGUAGGIO GIORNALISTICO eCodice materia Spics: 7054